00408cam a22001337a 4500008004000000082001600040100002200056245006400078260002700142300001000169650003900179650003400218700002200252180718b1968 xxu||||| |||| 00| 0 eng d aB19x73 B439 aBennis, Warren G. aTemporary societycby Warren G. Bennis and Philip E. Salter aNew YorkbHarperc1968 a147p. aUnited States - Social Conditions. aSocial Change - United States aSalter, Philip E.